| 000 -CABECERA |
| campo de control de longitud fija |
01027nam a2200277 a 4500 |
| 001 - NÚMERO DE CONTROL |
| campo de control |
$$a0000030857 |
| 005 - FECHA Y HORA DE LA ÚLTIMA TRANSACCIÓN |
| campo de control |
20200120222212.0 |
| 008 - DATOS DE LONGITUD FIJA--INFORMACIÓN GENERAL |
| campo de control de longitud fija |
071004s1967 col0 gr0 1 000 d |
| 082 04 - NÚMERO DE LA CLASIFICACIÓN DECIMAL DEWEY |
| Número de clasificación |
410 |
| Número de documento/Ítem |
S45 |
| 111 ## - ENTRADA PRINCIPAL--NOMBRE DE CONGRESO/REUNIÓN |
| Nombre de congreso/reunión o jurisdicción como elemento de entrada |
Simposio Interamericano de Lingüistica y Enseñanza de Idiomas (1964 Ago. 2-8 : Bloomington) |
| 245 13 - MENCIÓN DE TÍTULO |
| Título |
El Simposio de Bloomington, agosto de 1964 : actas, informes, comunicaciones / |
| Mención de responsabilidad, etc. |
Simposio Interamericano de Linguistica y Enseñanza de Idiomas. |
| 250 ## - MENCIÓN DE EDICIÓN |
| Mención de edición |
1a. ed. |
| 260 ## - PUBLICACIÓN, DISTRIBUCIÓN, ETC. |
| Lugar de publicación, distribución, etc. |
Bogotá |
| Nombre del editor, distribuidor, etc. |
Instituto Caro y Cuervo |
| Fecha de publicación, distribución, etc. |
1967 |
| 300 ## - DESCRIPCIÓN FÍSICA |
| Extensión |
316 p. |
| 500 ## - NOTA GENERAL |
| Nota general |
Ej.1 Roma, Donado en 2005 |
| 500 ## - NOTA GENERAL |
| Nota general |
El simposio fue celebrado en la Universidad de Indiana, en Bloomington |
| 500 ## - NOTA GENERAL |
| Nota general |
Ponencias en : Español, Portugués y Francés |
| 650 14 - PUNTO DE ACCESO ADICIONAL DE MATERIA--TÉRMINO DE MATERIA |
| Término de materia o nombre geográfico como elemento de entrada |
LINGUISTICA |
| 650 14 - PUNTO DE ACCESO ADICIONAL DE MATERIA--TÉRMINO DE MATERIA |
| Término de materia o nombre geográfico como elemento de entrada |
FILOLOGIA |
| 650 14 - PUNTO DE ACCESO ADICIONAL DE MATERIA--TÉRMINO DE MATERIA |
| Término de materia o nombre geográfico como elemento de entrada |
FONETICA |
| 650 14 - PUNTO DE ACCESO ADICIONAL DE MATERIA--TÉRMINO DE MATERIA |
| Término de materia o nombre geográfico como elemento de entrada |
SOCIOLINGUISTICA |
| 650 14 - PUNTO DE ACCESO ADICIONAL DE MATERIA--TÉRMINO DE MATERIA |
| Término de materia o nombre geográfico como elemento de entrada |
PSICOLINGUISTICA |
| 650 14 - PUNTO DE ACCESO ADICIONAL DE MATERIA--TÉRMINO DE MATERIA |
| Término de materia o nombre geográfico como elemento de entrada |
LENGUAJE Y LENGUAS |
| 650 14 - PUNTO DE ACCESO ADICIONAL DE MATERIA--TÉRMINO DE MATERIA |
| Término de materia o nombre geográfico como elemento de entrada |
CONGRESOS, CONFERENCIAS, ETC. |
| 901 ## - ELEMENTOS DE DATOS A LOCAL LDA (RLIN) |
| a |
Donación, Instituto Caro y Cuervo |